| 000 | 00448pab a2200133 454500 | ||
|---|---|---|---|
| 008 | 180718b1987 xxu||||| |||| 00| 0 eng d | ||
| 100 | _aAwotona, Adenrele | ||
| 245 |
_aHousing policy in Nigeria _bGovernment policies for housing Nigeria's urban poor and the working class : Laudable promises, great expectations, colossal failure |
||
| 260 | _c1987 | ||
| 300 | _a89 | ||
| 650 | _aHousing - Nigeria | ||
| 773 | _aHabitat International | ||
| 909 | _a9962 | ||
| 999 |
_c9962 _d9962 |
||